000 00204 a2200109 4500
020 _a9780888999818
041 _aspa
100 _aJorge Argueta
245 _aArroz con Leche
942 _cBK
952 _71
999 _c21179
_d21179